000 00944cam a2200181 4500
001 ##L134472
008 060808n 000 0 eng u
035 _a(Sirsi) u134472
041 0 _aeng
050 0 4 _a333.0062 $2 18
110 2 _aValuers Institution
245 0 0 _aBye-laws (1963 revision)
260 _a[S.l.]
_b[s.n.]
_c1963 (Edinburgh
_bLindsay and Co)
300 _a[Various pagings]
_c22cm.
505 _aAuthority -- Council -- Committees -- Miscellaneous financial provisions -- Conferences -- Branches -- Benevolent and superannuation funds -- Publications -- Library -- Appendix I: notes for the guidance of branch officers in the conduct of formal meetings -- Appendix II: the code of conduct and other disciplinary matters -- Appendix III: rates of entrance fees, annual subscriptions and annual branch allocations -- Appendix IV: directions on advertising
690 _aPROPERTY-PROPERTY APPRAISAL AND VALUATION
942 _n0
999 _c105689
_d105689